| 000 | 02273cam a2200169 4500500 | ||
|---|---|---|---|
| 005 | 20260426020106.0 | ||
| 041 | _afre | ||
| 042 | _adc | ||
| 100 | 1 | 0 |
_aFiatte, Colette _eauthor |
| 245 | 0 | 0 | _aPulsion d'agression : de la mise en acte à la représentation |
| 260 | _c2005. | ||
| 500 | _a89 | ||
| 520 | _aAprès avoir relaté les grandes lignes du décor freudien à propos du concept d’agressivité, le regard est porté sur la prise en compte et la signification de ces « pulsions agressives » chez des adolescents dyssociaux lors d’approches psychothérapiques individuelle et de groupe. Destruction de l’objet œdipien, culpabilité, représailles castratrices, sont des éléments présents dans les productions graphiques de ces jeunes; nous assistons à leur représentation, à leur déploiement dans le langage du rêve-éveillé, dans cet espace proposé au « bon moment ». L’interrogation est enfin posée au sujet de l’inscription non plus génitale mais préœdipienne de certaines expressions où la « violence fondamentale » telle que Bergeret la décrit, semble être à l’œuvre et ne saurait être confondue avec les « pulsions agressives ». | ||
| 520 | _aAggressive instinct : from acting to representing Once the essential aspects of the Freudian wane on the aggressiveness concept have been reported, attention is turned to the significance and importance attached to these « aggressive feelings » experienced by dissocial teenagers during individual and group psychotherapy. The destruction of the Œdipal object, guilt and castrational reprisals are all illustrated through the drawings of these young people. We are then the spectator of their representation and description in the “waken dream language”, in this space given at the “right moment”. The question is then raised of the inscription, no longer genital but preœdipal, of certain expressions in which the fundamental violence described by Bergeret seems to operate and could not possibly be confused with “aggressive feelings.” | ||
| 786 | 0 | _nImaginaire & Inconscient | 16 | 2 | 2005-11-01 | p. 77-87 | 1628-9676 | |
| 856 | 4 | 1 | _uhttps://shs.cairn.info/revue-imaginaire-et-inconscient-2005-2-page-77?lang=fr&redirect-ssocas=7080 |
| 999 |
_c2225427 _d2225427 |
||